00730cam a22002291a 4500001001300000003000400013005001700017008004100034010001700075035002000092040002000112042001200132050002200144110005100166245004500217260005800262300003900320500002100359504002800380650004200408650005000450l 61000070 DLC20260227111546.0850305s1961 dcuab b f000 0 eng  al 61000070  a(OCoLC)11764058 aDLCcIMolDdDLC apremarc00aHD1525b.A5 1961b1 aUnited States.bBureau of Employment Security.10aHired farm workers in the United States. a[Washington] :bBureau of Employment Security,c1961. a46 p. :bill., maps ;c21 x 27 cm. a"BES no. R-200." aBibliography: p. 44-46. 0aAgricultural laborerszUnited States. 0aMigrant agricultural laborerszUnited States.